Mali Players Biggest Transfers - Statistics

General Stats
  • This quiz has been taken 35 times
  • The average score is 36 of 90
Answer Stats
Player From Joined % Correct
CM Seydou Keita 08/09 Sevilla Barcelona
89%
CM Seydou Keita 07/08 Lens Sevilla
89%
CM Yves Bissouma 22/23 Brighton & Hove Albion Tottenham Hotspur
89%
CM Yves Bissouma 18/19 Lille Brighton & Hove Albion
89%
LB Cheick Keita 16/17 Virtus Entella Birmingham City
86%
CM Habib Keita 23/24 Lyon Clermont Foot
86%
CM Habib Keita 20/21 JMG Academy Bamako Lyon
86%
DM Sidi Keita 06/07 Strasbourg Lens
86%
DM Mahamadou Diarra 06/07 Lyon Real Madrid
71%
DM Mahamadou Diarra 02/03 Vitesse Lyon
71%
DM Mahamadou Diarra 99/00 OFI Crete Vitesse
71%
CM Souleymane Diarra 19/20 Lens Gaziantep
68%
CM Youba Diarra 22/23 RB Salzburg Cadiz
68%
CM Amadou Haidara 18/19 RB Salzburg RB Leipzig
64%
LB Massadio Haidara 12/13 Nancy Newcastle United
64%
DM Mohamed Sissoko 05/06 Valencia Liverpool
57%
DM Mohamed Sissoko 07/08 Liverpool Juventus
57%
DM Mohamed Sissoko 11/12 Juventus Paris Saint-Germain
57%
DM Mohamed Sissoko 03/04 Auxerre Valencia
57%
DM Abdoul Wahid Sissoko 11/12 Troyes Udinese
54%
AM Adama Traore 15/16 Lille Monaco
54%
RW Adama Traore 22/23 Sheriff Tiraspol Ferencvaros
54%
CB Djimi Traore 06/07 Liverpool Charlton Athletic
54%
CB Djimi Traore 06/07 Charlton Athletic Portsmouth
54%
ST El Bilal Toure 23/24 Almeria Atalanta
54%
ST El Bilal Toure 22/23 Reims Almeria
54%
ST Frederic Kanoute 05/06 Tottenham Hotspur Sevilla
54%
ST Frederic Kanoute 00/01 Lyon West Ham United
54%
ST Frederic Kanoute 03/04 West Ham United Tottenham Hotspur
54%
DM Ibrahima Sissoko 18/19 Brest Strasbourg
54%
DM Boubacar Traore 23/24 Metz Wolverhampton Wanderers
50%
DM Boubacar Traore 22/23 Metz Wolverhampton Wanderers
50%
ST Dramane Traore 05/06 Club Africain Lokomotiv Moscow
50%
RB Hamari Traore 17/18 Reims Rennes
50%
DM Kalilou Traore 12/13 Odense Sochaux
50%
DM Mohamed Camara 22/23 RB Salzburg Monaco
50%
CB Sammy Traore 06/07 Nice Paris Saint-Germain
50%
CM Abdoulaye Doucoure 20/21 Watford Everton
46%
CM Abdoulaye Doucoure 15/16 Rennes Watford
46%
CB Adama Coulibaly 08/09 Lens Auxerre
46%
DM Cheick Doucoure 22/23 Lens Crystal Palace
46%
CM Ismaila Coulibaly 20/21 Sarpsborg Sheffield United
46%
ST Kalifa Coulibaly 17/18 Gent Nantes
46%
CM Lassana Coulibaly 17/18 Bastia Angers
46%
LW Moussa Djenepo 19/20 Standard Liege Southampton
43%
LW Moussa Djenepo 23/24 Southampton Standard Liege
43%
DM Diadie Samassekou 19/20 RB Salzburg Hoffenheim
39%
CB Kalifa Cisse 07/08 Boavista Reading
36%
ST Mamadou Diallo 07/08 Nantes Qatar SC
36%
RW Abdoulay Diaby 18/19 Club Brugge Sporting CP
29%
RW Abdoulay Diaby 15/16 Lille Club Brugge
29%
RW Fousseni Diabate 17/18 Gazelec Ajaccio Leicester City
29%
RW Fousseni Diabate 20/21 Leicester City Trabzonspor
29%
ST Ibrahima Kone 23/24 Lorient Almeria
29%
ST Ibrahima Kone 21/22 Sarpsborg Lorient
29%
CB Mamadou Fofana 21/22 Metz Amiens
29%
DM Samba Diakite 12/13 Nancy Queens Park Rangers
29%
LB Youssouf Kone 19/20 Lille Lyon
29%
ST Mustapha Yatabare 14/15 Guingamp Trabzonspor
25%
CM Sambou Yatabare 15/16 Olympiacos Werder Bremen
25%
CM Sambou Yatabare 13/14 Bastia Olympiacos
25%
CM Sambou Yatabare 11/12 Caen Monaco
25%
DM Tongo Doumbia 12/13 Rennes Wolverhampton Wanderers
25%
DM Tongo Doumbia 14/15 Wolverhampton Wanderers Toulouse
25%
CB Kiki Kouyate 22/23 Metz Montpellier
21%
CB Kiki Kouyate 20/21 Troyes Metz
21%
DM Yacouba Sylla 12/13 Clermont Foot Aston Villa
21%
DM Yacouba Sylla 15/16 Aston Villa Rennes
21%
CB Cedric Kante 06/07 Strasbourg Nice
18%
RB Falaye Sacko 23/24 Vitoria Guimaraes Montpellier
18%
RW Hadi Sacko 17/18 Sporting CP Leeds United
18%
RW Hadi Sacko 14/15 Bordeaux Sporting CP
18%
ST Modibo Maiga 12/13 Sochaux West Ham United
18%
ST Modibo Maiga 15/16 West Ham United Al-Nassr
18%
ST Modibo Maiga 10/11 Le Mans Sochaux
18%
CB Sikou Niakate 18/19 Valenciennes Guingamp
18%
CB Sikou Niakate 23/24 Guingamp Braga
18%
LW Bakary Sako 12/13 Saint-Etienne Wolverhampton Wanderers
14%
LW Bakary Sako 09/10 Chateauroux Saint-Etienne
14%
ST Garra Dembele 11/12 Levski Sofia Freiburg
14%
RW Jimmy Kebe 07/08 Lens Reading
14%
DM Aliou Dieng 19/20 MC Algiers El Ahly
11%
CB Molla Wague 19/20 Udinese Nantes
11%
ST Moussa Marega 15/16 Maritimo Porto
11%
ST Nouha Dicko 17/18 Wolverhampton Wanderers Hull City
11%
CB Bakary Soumare 09/10 Chicago Fire Boulogne
7%
DM Mahame Siby 22/23 Strasbourg Malmo
7%
ST Mamadou Bagayoko 09/10 Nantes Nice
4%
CM Rominigue Kouame 23/24 Troyes Cadiz
4%
CM Rominigue Kouame 21/22 Lille Troyes
4%
No matching quizzes found
Score Distribution
Percent of People with Each Score
Percentile by Number Answered
Your Score History
You have not taken this quiz